|
|
|
|
| LEADER |
00000nam a2200000 a 4500 |
| 001 |
vtls001367307 |
| 003 |
SK-MaSNL |
| 005 |
20260223220022.0 |
| 008 |
210928s1982 DE 0 ger |
| 035 |
|
|
|a SNK000320995
|
| 040 |
|
|
|a SNK
|b slo
|c SNK
|e AACR2
|
| 041 |
0 |
|
|a ger
|
| 044 |
|
|
|a DE
|
| 245 |
1 |
4 |
|a Der Gegen-Angriff Antifaschistische Wochenschrift
|n [T. 2.] April 1934-Dez. 1934
|c mit einem Geleitwort von Bruno Frei ; einer Einleitung von Silvia Schlenstedt zur Reprintausgabe
|
| 260 |
|
|
|a Leipzig
|b Zentralantiquariat d. DDR
|c 1982
|
| 300 |
|
|
|a Preruš. str.
|c 2°
|
| 958 |
|
|
|a RK
|
| 958 |
|
|
|a OND
|
| 999 |
|
|
|c 721421
|d 723351
|
| 952 |
|
|
|t P60, <04>, [BOOK], {604}
|a SNK
|b SNK
|y VYP
|7 0
|o snkIA 805/2
|i snkV 2377/87
|0 0
|1 0
|4 0
|d 1999-07-06
|l 0
|r 2005-01-02 00:00:00
|w 2026-02-23
|